Vzájomné transformácie súradníc bodov SR v novom návrhu Lambertovho zobrazenia a v ďalších záväzných GSS

Uložené v:
Podrobná bibliografia
Hlavný autor: Kekláková, Daniela, 1988- (Autor)
Ďalší autori: Vajsáblová, Margita, 1958- (Vedúci práce)
Médium: Rukopis Kniha
Jazyk:Slovak
Vydavateľské údaje: Bratislava : STU v Bratislave SvF, 2012
Predmet:
On-line prístup:VAIS
Tagy: Pridať tag
Žiadne tagy, Buďte prvý, kto otaguje tento záznam!

MARC

LEADER 00000ntm a22000003a 4500
001 stu251759
005 20160721135631.8
008 120720s2012----xo------------------slo-d
040 |a STU  |b slo 
041 0 |a slo 
044 |a xo 
100 1 |a Kekláková, Daniela,  |d 1988-  |4 aut  |X 49050  |7 A000049050 
242 0 0 |a Mutual transformation of points coordinates SVK in new proposal of Lambert’sprojection and other binding GCS  |y eng 
245 1 |a Vzájomné transformácie súradníc bodov SR v novom návrhu Lambertovho zobrazenia a v ďalších záväzných GSS 
260 |a Bratislava :  |b STU v Bratislave SvF,  |c 2012 
650 7 |a geodézia a kartografia  |2 stusub 
650 7 |a Geodesy and Cartography  |2 estusub 
650 7 |a skreslenie  |2 stusub 
650 7 |a transformácia  |2 stusub 
650 7 |a zobrazenie  |2 stusub 
700 1 |a Vajsáblová, Margita,  |d 1958-  |4 ths  |u V220  |U SvF Stavebná fakulta  |T SvF Katedra matematiky a deskriptívnej geometrie  |X 623  |U V220  |Y 23  |7 A000000623 
856 4 |a info a plný text  |u http://is.stuba.sk/zp/portal_zp.pl?podrobnosti=84454  |3 VAIS